| 000 | 00449nam a2200181Ia 4500 | ||
|---|---|---|---|
| 001 | 17387 | ||
| 003 | IN-NITTTR | ||
| 005 | 20251114233204.0 | ||
| 008 | 251113s9999||||xx |||||||||||||| ||eng|| | ||
| 040 | _beng | ||
| 040 | _cIN-NITTTR | ||
| 041 | _aeng | ||
| 082 | _a330.122 T343 | ||
| 100 | _aChilcote, Ronald H. | ||
| 245 | 0 |
_aTheories of development / _cChilcote, Ronald H., Johnson, Dale L. |
|
| 700 | _a Johnson, Dale L. | ||
| 942 |
_2ddc _cBK |
||
| 999 |
_c20021 _d20021 |
||